[Event "revanche"]
[Site "http://www.queenalice.com/game.php?id=10874"]
[Date "2005.4.24"]
[Round "-"]
[White "destroyer"]
[Black "barraw"]
[Result "1-0"]
[WhiteElo "1792"]
[BlackElo "1449"]

1. e4 e5 2. Qh5 Qf6 3. Bc4 Bc5 4. f3 g6 5. Qg4 Bd4 6. c3 Qc6 7. Bd5 Qc5 8. b4
Bf2+ 9. Kf1 Qb6 10. Nh3 h5 11. Qg5 Bd4 12. cxd4 Qxd4 13. Nc3 Na6 14. a3 c6 15.
Bb3 b6 16. f4 d6 17. f5 Nc7 18. fxg6 Ba6+ 19. Ke1 Qd3 20. gxf7+ Kf8 21. fxg8=Q+
Rxg8 22. Qxg8+ Ke7 23. Qf7+ Kd8 24. Nf2 Qd4 25. Bb2 Kc8 26. Be6+ Nxe6 27. Qxe6+
Kd8 28. Qg8+ Kc7 29. Qxa8 1-0

[Event "revanche"]
[Site "http://www.queenalice.com/game.php?id=11310"]
[Date "2005.4.28"]
[Round "-"]
[White "destroyer"]
[Black "crister"]
[Result "0-1"]
[WhiteElo "1898"]
[BlackElo "1531"]

1. e4 e5 2. Qh5 Nc6 3. c3 g6 4. Qf3 Nf6 5. d3 Bg7 6. Bg5 O-O 7. Bxf6 Bxf6 8. Qh3
d6 9. Qg3 d5 10. exd5 Qxd5 11. c4 Qa5+ 12. Nd2 Nd4 13. O-O-O Qxa2 14. b3 Qc2#
0-1

[Event "Challenge"]
[Site "http://www.queenalice.com/game.php?id=11638"]
[Date "2005.5.1"]
[Round "-"]
[White "destroyer"]
[Black "Adriano_Pereira"]
[Result "1-0"]
[WhiteElo "1813"]
[BlackElo "1236"]

1. e4 e5 2. Qh5 Nf6 3. Qxe5+ Qe7 4. Qxc7 Qd8 5. Qe5+ Qe7 6. Qxe7+ Bxe7 7. e5 Ng4
8. d4 Bh4 9. g3 Be7 10. f3 Nh6 11. Bxh6 gxh6 12. Nc3 Nc6 13. O-O-O Nb4 14. Bc4
a5 15. a3 Nc6 16. Nb5 Nxd4 17. Nc7+ Kd8 18. Nxa8 d5 19. Rxd4 Bc5 20. Rxd5+ Bd7
21. Rxc5 1-0

[Event "Let's Play Chess!"]
[Site "http://www.queenalice.com/game.php?id=12385"]
[Date "2005.5.7"]
[Round "-"]
[White "mrburnsjr"]
[Black "destroyer"]
[Result "0-1"]
[WhiteElo "622"]
[BlackElo "1794"]

1. d4 e6 2. c4 c5 3. Qa4 cxd4 4. Qb4 Bxb4+ 5. Bd2 a5 6. Bxb4 axb4 7. a3 Qh4 8.
g3 Qe4 9. f3 Qe3 10. Nh3 d3 0-1

[Event "Challenge"]
[Site "http://www.queenalice.com/game.php?id=12417"]
[Date "2005.5.8"]
[Round "-"]
[White "destroyer"]
[Black "nightsend"]
[Result "0-1"]
[WhiteElo "1824"]
[BlackElo "1977"]

1. e4 e5 2. Qh5 Nc6 3. Bc4 g6 4. Qf3 f5 5. exf5 Nd4 6. Qe4 d6 7. g4 gxf5 8. gxf5
Nf6 9. Qd3 Bxf5 10. Qg3 Nxc2+ 11. Kd1 Nxa1 12. Qg5 Bxb1 13. d3 Qe7 14. b4 d5 15.
Bb5+ c6 16. Ba4 Bxd3 17. Kd2 Qxb4+ 18. Kxd3 Qe4+ 19. Kd2 Bb4+ 20. Kd1 Qe1# 0-1

[Event "Challenge"]
[Site "http://www.queenalice.com/game.php?id=12418"]
[Date "2005.5.8"]
[Round "-"]
[White "destroyer"]
[Black "miguel"]
[Result "0-1"]
[WhiteElo "1822"]
[BlackElo "1475"]

1. e4 e5 2. Qh5 Nf6 3. Qxe5+ Be7 4. Be2 Nc6 5. Qg3 g6 6. e5 Nd5 7. Bc4 Ncb4 8.
Na3 d6 9. Bxd5 Nxd5 10. Nf3 Bf5 11. d3 dxe5 12. Qxe5 O-O 13. Bh6 Bf6 14. Qg3
Re8+ 15. Kd2 Bxb2 16. Rae1 Bc3+ 17. Kd1 Bxe1 18. Rxe1 Rxe1+ 19. Nxe1 Qe7 20. Nc4
Re8 21. Bd2 Nb4 22. a3 Na2 23. Qe3 Qd7 24. Qxa7 b6 25. f3 Qd4 26. Qxc7 Qa1+ 27.
Bc1 Qxc1# 0-1

[Event "AUTO-OPEN-82"]
[Site "http://www.queenalice.com/game.php?id=12516"]
[Date "2005.5.10"]
[Round "1"]
[White "David33"]
[Black "destroyer"]
[Result "1-0"]
[WhiteElo "1399"]
[BlackElo "1798"]

1. e4 e5 2. Nf3 Qf6 3. Nc3 Bc5 4. Nd5 Qc6 5. d4 Bxd4 6. Nxd4 exd4 7. Qxd4 f6 8.
Bf4 d6 9. Bb5 Qxb5 10. Nxc7+ Kd8 11. Nxb5 Bd7 12. Nxd6 Nc6 13. Qd2 g5 14. O-O-O
gxf4 15. Nf7+ Ke8 16. Qxd7+ Kf8 17. Nxh8 Nh6 18. Qxb7 Re8 19. Rd7 Ne5 20. Rxh7
Nhg4 21. Qg7# 1-0

[Event "AUTO-OPEN-82"]
[Site "http://www.queenalice.com/game.php?id=12517"]
[Date "2005.5.10"]
[Round "1"]
[White "destroyer"]
[Black "David33"]
[Result "0-1"]
[WhiteElo "1768"]
[BlackElo "1512"]

1. e4 c5 2. Bc4 e6 3. d3 d5 4. Bb5+ Bd7 5. Bxd7+ Qxd7 6. Qe2 Ne7 7. exd5 Nxd5 8.
Qf3 Nc6 9. c4 Nd4 10. Qd1 Nb4 11. Na3 Rd8 12. Ne2 Nxd3+ 13. Kf1 Nxc1 14. Rxc1
Be7 15. Nxd4 cxd4 16. Nb5 a6 17. Na3 O-O 18. h4 e5 19. c5 Qd5 20. b4 f5 21. h5
Bg5 22. Rc4 e4 23. f3 d3 24. fxe4 fxe4+ 25. Kg1 Be3+ 26. Kh2 Qe5+ 27. g3 Rf3 28.
Qxf3 exf3 29. Rf1 d2 30. Rg4 d1=Q 0-1

[Event "AUTO-OPEN-82"]
[Site "http://www.queenalice.com/game.php?id=12558"]
[Date "2005.5.10"]
[Round "1"]
[White "Kritikos"]
[Black "destroyer"]
[Result "1-0"]
[WhiteElo "1560"]
[BlackElo "1768"]

1. d4 e6 2. e4 Qh4 3. Nc3 Bb4 4. Bd3 c5 5. Nf3 Qg4 6. O-O cxd4 7. h3 Qg6 8. e5
Qh5 9. Ne4 Ne7 10. Bd2 Bxd2 11. Qxd2 Ng6 12. Nd6+ Kd8 13. Nxf7+ Kc7 14. Nxh8
Nxh8 15. Be2 Nc6 16. Nxd4 Qxe5 17. Nxc6 bxc6 18. Rfe1 Qxb2 19. Qf4+ Kb7 20. Rab1
Qxb1 21. Rxb1# 1-0

[Event "AUTO-OPEN-82"]
[Site "http://www.queenalice.com/game.php?id=12559"]
[Date "2005.5.10"]
[Round "1"]
[White "destroyer"]
[Black "Kritikos"]
[Result "0-1"]
[WhiteElo "1768"]
[BlackElo "1596"]

1. e4 c5 2. Qf3 Nc6 3. Bc4 e6 4. c3 Nf6 5. d3 d5 6. exd5 exd5 7. Bb3 Bg4 8. Qf4
Bd6 9. Qa4 Bd7 10. Bg5 Ne5 11. Qh4 Nxd3+ 12. Kd1 Be7 13. Qg3 Ne4 14. Bxe7 Qxe7
15. Qxg7 O-O-O 16. Ne2 Rhg8 17. Qxh7 Nexf2+ 18. Kd2 Qg5+ 19. Kc2 Bf5 20. Qxg8
Rxg8 21. Rg1 Nb4# 0-1

[Event "Vamos Jogar !"]
[Site "http://www.queenalice.com/game.php?id=13603"]
[Date "2005.5.19"]
[Round "-"]
[White "destroyer"]
[Black "FISICO"]
[Result "1/2-1/2"]
[WhiteElo "1731"]
[BlackElo "1533"]

1. e4 e5 2. Qh5 d6 3. Bc4 g6 4. Qf3 Nf6 5. d3 Nc6 6. Bg5 Bg7 7. c3 h6 8. Bxf6
Bxf6 9. h3 Qe7 10. g4 Be6 11. Bxe6 Qxe6 12. h4 O-O-O 13. g5 hxg5 14. hxg5 Rxh1
15. Qxh1 Bxg5 16. Na3 a6 17. Nf3 Bf6 18. O-O-O Qxa2 19. Qh7 Rf8 20. Qh6 Kb8 21.
Qxf8+ Nd8 22. Kc2 Kc8 23. Rh1 Kd7 24. Qh6 Ne6 25. Qh7 Ke7 26. Rh6 Nf8 27. Qg8 b5
28. Rh1 c6 29. Nd2 a5 30. Nb3 a4 31. Nc1 Qe6 32. c4 Qg4 33. cxb5 Qc8 34. bxc6
Qxc6+ 35. Kb1 d5 36. exd5 Qxd5 37. Re1 Qg2 38. Nc2 Qxf2 39. Re2 Qf3 40. Nb4 Qb7
41. Nca2 Qb5 42. d4 Qxe2 43. Nd5+ Ke6 44. Nxf6 Kxf6 45. Qxf8 Qd1+ 46. Nc1 Qxd4
47. Qh8+ Kg5 48. Qg7 f6 49. Qc7 Qb4 50. Qc3 Qe4+ 51. Qc2 Qb7 52. Qxa4 f5 53. Nb3
e4 54. Nc5 Qe7 55. Nb3 Kg4 56. Nd2 Qh7 57. Qd1+ Kg5 58. Qg1+ Kf6 59. Qd4+ Kf7
60. Qd5+ Kg7 61. Qe5+ 1/2-1/2

[Event "Bobby Fisher Chess"]
[Site "http://www.queenalice.com/game.php?id=19946"]
[Date "2005.7.16"]
[Round "-"]
[White "destroyer"]
[Black "jaychess"]
[Result "0-1"]
[WhiteElo "1750"]
[BlackElo "1399"]

1. e4 e5 2. Qh5 Qf6 3. Nf3 Qg6 4. Qxe5+ Ne7 5. Qxc7 Qxe4+ 6. Be2 Qa4 7. Nc3 Qc6
8. Qf4 d6 9. Bb5 Ng6 10. Bxc6+ Nxc6 11. Qa4 d5 12. Nxd5 Be6 13. Nc7+ Kd8 14.
Nxa8 Bb4 15. c3 Nf4 16. cxb4 Nxg2+ 17. Kf1 Bh3 18. b5 Ne3+ 19. Ke1 Ng2+ 20. Ke2
Re8+ 21. Kd1 Bg4 22. Qxg4 Re6 0-1

[Event "fight?"]
[Site "http://www.queenalice.com/game.php?id=23240"]
[Date "2005.8.9"]
[Round "-"]
[White "Dinho"]
[Black "destroyer"]
[Result "0-1"]
[WhiteElo "1603"]
[BlackElo "1720"]

1. e4 e5 2. Nf3 Nc6 3. Bb5 a6 4. Bxc6 dxc6 5. Nxe5 Qd4 6. Qh5 Be6 7. d3 Bc5 8.
O-O g6 9. c3 Qxf2+ 10. Rxf2 Bxf2+ 11. Kxf2 gxh5 12. Bf4 O-O-O 13. d4 Nf6 14. Kf3
Ng4 15. Bg5 Rdf8 16. Kg3 f6 17. d5 fxg5 18. Nxg4 Bxg4 19. Nd2 cxd5 20. exd5 Bd7
21. Re1 h4# 0-1

[Event "again? me white"]
[Site "http://www.queenalice.com/game.php?id=34312"]
[Date "2005.10.21"]
[Round "-"]
[White "Dinho"]
[Black "destroyer"]
[Result "1-0"]
[WhiteElo "1570"]
[BlackElo "1723"]

1. e4 e5 2. Nf3 Nc6 3. Bb5 d6 4. O-O Bg4 5. h3 Bxf3 6. Qxf3 a6 7. Bc4 Nh6 8. d3
Nd4 9. Qd1 Be7 10. Bxh6 gxh6 11. Nd2 1-0

[Event "again? me black"]
[Site "http://www.queenalice.com/game.php?id=34313"]
[Date "2005.10.21"]
[Round "-"]
[White "destroyer"]
[Black "Dinho"]
[Result "0-1"]
[WhiteElo "1701"]
[BlackElo "1592"]

1. e4 e5 2. Qh5 Nc6 3. Bc4 g6 4. Qf3 f6 5. c3 a6 6. d3 Bc5 7. Nh3 d6 8. Bxg8
Bxh3 9. Bxh7 Rxh7 10. gxh3 Qe7 11. Be3 O-O-O 0-1